Best Fantasy Wide Receiver Each Year - Statistics

General Stats
  • This quiz has been taken 45 times
    12 since last reset
  • The average score is 21 of 36
Answer Stats
Year Team Total Points Player % Correct
2017 Steelers 310.3 Antonio Brown
100%
2012 Lions 342.4 Calvin Johnson
100%
2023 Cowboys 403.2 CeeDee Lamb
100%
2021 Rams 439.5 Cooper Kupp
100%
2024 Bengals 403 Ja'Marr Chase
100%
1980 Chargers 295.6 John Jefferson
100%
2022 Vikings 368.7 Justin Jefferson
100%
2025 Rams 375 Puka Nacua
100%
2007 Patriots 385.3 Randy Moss
100%
2018 Chiefs 334 Tyreek Hill
100%
2009 Texans 314.9 Andre Johnson
91%
2020 Packers 358.4 Davante Adams
91%
2013 Broncos 319 Demaryius Thomas
91%
2006 Colts 301.6 Marvin Harrison
91%
2019 Saints 374.6 Michael Thomas
91%
1996 49ers 295.1 Jerry Rice
82%
2005 Panthers 337.8 Steve Smith Sr.
82%
1991 Cowboys 290.3 Michael Irvin
64%
2004 Panthers 329 Muhsin Muhammad
55%
2010 Falcons 316.2 Roddy White
45%
1978 Seahawks 235.8 Steve Largent
45%
1977 Dolphins 215.4 Nat Moore
36%
1997 Cardinals 305.4 Rob Moore
36%
1998 Packers 312.9 Antonio Freeman
27%
1988 Rams 285.1 Henry Ellard
27%
1984 Dolphins 319.4 Mark Clayton
27%
1971 Chiefs 218.5 Otis Taylor
27%
1992 Packers 330.9 Sterling Sharpe
27%
1981 Falcons 280.8 Alfred Jenkins
18%
1976 Raiders 230.3 Cliff Branch
18%
1985 Eagles 262.7 Mike Quick
18%
1979 Vikings 247.6 Ahmad Rashad
9%
1972 49ers 209.8 Gene Washington
9%
1973 Eagles 233.8 Harold Carmichael
9%
1975 Oilers 206.3 Ken Burrough
9%
1982 Chargers 209.4 Wes Chandler
9%
No matching quizzes found
Score Distribution
Percent of People with Each Score
Percentile by Number Answered
Your Score History
You have not taken this quiz since the last reset